00354nam a2200109Ia 4500008004100000082001900041100001700060245003800077260003900115300000800154650008200162211119s9999||||xx |||||||||||||| ||und|| a637.584bVAD-J aVadhiar, A R 0aJaivakrishi: Parambilum Terasilum bMathrubhoomi BooksaKottayamc2007 a36p aTechnologyvAgriculture & related technologiesEconomicsxPGR-GANDHIAN STUDIES